Cost & management accounting (theory): (Record no. 24870)

MARC details
000 -LEADER
fixed length control field 00765nam a22002057a 4500
008 - FIXED-LENGTH DATA ELEMENTS--GENERAL INFORMATION
fixed length control field 090305t xxu||||| |||| 00| 0 eng d
010 ## - LCCN (DPL NO)
LC control number ENG-93076
020 ## - INTERNATIONAL STANDARD BOOK NUMBER
Terms of availability 79.00
International Standard Book Number 9788190747134
035 ## - SYSTEM CONTROL NUMBER
System control number EN-76609
037 ## - SOURCE OF ACQUISITION
Source of stock number/acquisition DBAD / PUB
040 ## - CATALOGING SOURCE
Original cataloging agency dpl
Language of cataloging English
082 ## - DEWEY DECIMAL CLASSIFICATION NUMBER
Classification number 657.42
100 ## - MAIN ENTRY--PERSONAL NAME
Personal name Maheswaran, M.
245 ## - TITLE STATEMENT
Title Cost & management accounting (theory):
Statement of responsibility, etc by
Remainder of title for B. Com., B.B.A. students /
260 ## - PUBLICATION, DISTRIBUTION, ETC. (IMPRINT)
Place of publication, distribution, etc Salem
Name of publisher, distributor, etc M.S.K. Publications
Date of publication, distribution, etc 2007
270 ## - ADDRESS
Address 21/1, Anaimedu,
City Salem
Postal code 636001
300 ## - PHYSICAL DESCRIPTION
Extent 116p.
Dimensions 22cm (pbk)
942 ## - ADDED ENTRY ELEMENTS (KOHA)
Source of classification or shelving scheme Dewey Decimal Classification
Item type English Books
Call number suffix MAH
Classification part 657.42
Holdings
Withdrawn status Lost status Source of classification or shelving scheme Damaged status Not for loan Collection code Home library Current library Date acquired Source of acquisition Cost, normal purchase price Total Checkouts Full call number Barcode Date last seen Copy number Cost, replacement price Koha item type
    Dewey Decimal Classification   Not For Loan Non-fiction D.B.Act.Division D.B.Act.Division 05/03/2009 DBAD / PUB 79.00   657.42 MAH EN-76609 05/03/2009 1 79.00 English Books

© Delhi Public Library
Hit Counter
free hit counter